Structural dynamics for the practising engineer

Bibliographic Details
Main Author: Irvine, H. Max (Author)
Format: Book
Published: London Allen & Unwin 1986
Subjects:

MARC

LEADER 00000cam a2200000 7i4500
001 0000000202
008 021118s1986
020 |a 0046240071 
090 0 0 |a TA654  |b .I78 1986 
100 0 |a Irvine, H. Max  |e author 
245 0 0 |a Structural dynamics for the practising engineer   |c H. Max Irvine 
260 2 |a London  |b Allen & Unwin  |c 1986 
300 |a xi, 208 p. ;  |c 25 cm. 
650 0 |a Structural dynamics 
999 |a 1000035454  |b Book  |c OPEN SHELF (30 DAYS)  |e Gong Badak Campus